01269nam a2200241 a 4500001001000000005001700010008004100027050002100068245017500089260005800264300004100322500029400363504003000657600004400687650003900731650003400770650004300804650003600847650004400883650003600927700003700963700002701000BRCA_123020190320203334.0850919s1986 nyua---##b---#000-0#eng-# 4aND343b.G56 198610aGloria in Excelsisbthe Virgin and Angels in Viceregal Painting of Peru and Boliviacdirector John Stringer ; guest curator Barbara Duncan ; guest curator Teresa Gisbert. aNueva YorkbCenter for Inter-American Relationsc1986 a96 p.bil. (algunas a color)c27 cm. aCatálogo de la exposición realizada en Center for Inter-American Relations (Nueva York), 12 novimebre, 1985 - 10 febrero, 1986, en Archer M. Huntington Art Gallery (University of Texas at Austin), 23 marzo - 4 mayo, 1986 y en Center for the Fine Arts (Miami), 19 mayo - 20 julio, 1986 aBibliografía : p. 83-8614aVirgen María en el artevExposiciones14aÁngeles en el artevExposiciones14aPintura peruanavExposiciones14aPintura colonialvExposicioneszPerú14aPintura bolivianavExposiciones14aPintura colonialvExposicioneszBolivia14aSantos en el artevExposiciones1 aDuncan, Barbaraq(Barbara Doyle)1 aGisbert, Teresad1926-